|
|
|
|
| LEADER |
00000nam a2200000 a 4500 |
| 001 |
vtls010618762 |
| 003 |
SK-MaSNL |
| 005 |
20260301135324.0 |
| 008 |
250312s1969 xo f 000 0 cze |
| 035 |
|
|
|a 461D9A17-47B3-47DB-8814-F1A4746543F4
|
| 035 |
|
|
|a urn:nbn:sk:snk-amjz9j
|
| 035 |
|
|
|a urn:nbn:sk:snk-am008533
|
| 040 |
|
|
|a SNK
|b slo
|c SNK
|e AACR2
|
| 041 |
0 |
|
|a cze
|
| 044 |
|
|
|a xo
|c SK
|
| 080 |
|
|
|a 621.892.09:/621.73.034+621.97.07
|2 1981
|
| 100 |
1 |
|
|a Němec, Adolf
|4 aut
|9 6489
|
| 245 |
1 |
0 |
|a Maziva v zápustkovém kování a maziva v technologii tváření
|c Adolf Němec
|
| 260 |
|
|
|a Bratislava
|b Dom techniky pri Slovenskej rade Čs. VTS
|c 1969
|
| 300 |
|
|
|a 58, [1] s.
|c 4°
|
| 650 |
0 |
7 |
|a tvárnenie
|2 SNKPH
|9 19489
|
| 650 |
0 |
7 |
|a zápustkové kovanieô2SNKPH
|2 SNKPH
|9 490491
|
| 650 |
0 |
7 |
|a mazadlá
|2 SNKPH
|9 50967
|
| 655 |
|
7 |
|a štúdie
|2 SNKPH
|9 57033
|
| 710 |
2 |
|
|a Slovenská rada Čs.VTS (Bratislava, Slovensko)
|4 pbl
|9 336720
|
| 852 |
|
|
|a Slovenská národná knižnica
|
| 958 |
|
|
|a OND
|
| 999 |
|
|
|c 759793
|d 761723
|
| 952 |
|
|
|a SNK
|b SNK
|y PREZ
|7 0
|p 17A0971557
|o snkSB 27842
|i snkD 204/79
|8 1
|0 0
|1 0
|4 0
|d 2014-09-10
|f 1
|l 0
|r 2025-04-01 00:00:00
|w 2026-02-24
|
| 952 |
|
|
|a SNK
|b SNK
|y VYP
|7 0
|o snkSB 27842 D1
|i snkD 349/84
|8 1
|0 0
|1 0
|4 0
|d 2014-09-10
|l 0
|r 2026-02-24 00:01:08
|w 2026-02-24
|